| 000 -LEADER |
| fixed length control field |
01075nam a2200193Ia 4500 |
| 001 - CONTROL NUMBER |
| control field |
11085 |
| 003 - CONTROL NUMBER IDENTIFIER |
| control field |
GE_BSU |
| 008 - FIXED-LENGTH DATA ELEMENTS--GENERAL INFORMATION |
| fixed length control field |
181216s||||||||xx |||||||||||||| ||und|| |
| 040 ## - CATALOGING SOURCE |
| Transcribing agency |
GE_BSU |
| 080 ## - UNIVERSAL DECIMAL CLASSIFICATION NUMBER |
| Universal Decimal Classification number |
81'374.3=353.1 |
| 245 ## - TITLE STATEMENT |
| Title |
ქართული ენის განმარტებითი ლექსიკონი.ტ.V.მ-ნ.=Толковый словарь грузинского языка.Т.V. M-H |
| 245 ## - TITLE STATEMENT |
| Statement of responsibility, etc. |
მთ.რედ.გ.ახვლედიანი, ივ.გიგინეიშვილი, ი.გრიშაშვილი და სხვ. პროფ.არნ ჩიქობავას საერთო რედაქციით |
| 260 ## - PUBLICATION, DISTRIBUTION, ETC. |
| Place of publication, distribution, etc. |
თბილისი. |
| 260 ## - PUBLICATION, DISTRIBUTION, ETC. |
| Name of publisher, distributor, etc. |
საქ.სსრ.მეცნ.აკად.გამ-ბა. |
| 260 ## - PUBLICATION, DISTRIBUTION, ETC. |
| Date of publication, distribution, etc. |
1958. |
| 300 ## - PHYSICAL DESCRIPTION |
| Extent |
1523გვ;28სმ. |
| 653 ## - INDEX TERM--UNCONTROLLED |
| Uncontrolled term |
ქართული ენის განმარტებითი ლექსიკონი.ტ.V.მ-ნ.=Толковый словарь грузинского языка.Т.V. M-H |
| 942 ## - ADDED ENTRY ELEMENTS (KOHA) |
| Koha item type |
წიგნი |